|
|
|
|
| LEADER |
00000nam0a2200000 4500 |
| 001 |
100844 |
| 005 |
20231101214330.0 |
| 010 |
|
|
|a 5769521449
|
| 035 |
|
|
|a (RuTPU)RU\TPU\book\108528
|
| 035 |
|
|
|a RU\TPU\book\108457
|
| 090 |
|
|
|a 100844
|
| 100 |
|
|
|a 20060828d2005 m y0rusy50 ca
|
| 101 |
0 |
|
|a rus
|
| 102 |
|
|
|a RU
|
| 105 |
|
|
|a a j 001zy
|
| 200 |
1 |
|
|a Электротехника
|e учебник
|f А. С. Касаткин, М. В. Немцов
|
| 205 |
|
|
|a 9-е изд., стер.
|
| 210 |
|
|
|a Москва
|c Академия
|d 2005
|
| 215 |
|
|
|a 540 с.
|c ил.
|
| 225 |
1 |
|
|a Высшее образование
|
| 320 |
|
|
|a Библиогр.: с. 525.
|
| 320 |
|
|
|a Предметный указатель: с. 526-532.
|
| 451 |
|
1 |
|0 (RuTPU)RU\TPU\book\124627
|y 978-5-7695-3732-9
|t Электротехника
|o учебник
|f А. С. Касаткин, М. В. Немцов
|e 10-е изд., стер.
|c М.
|n Академия
|d 2007
|p 540 с.
|a Касаткин, Александр Сергеевич
|
| 451 |
|
1 |
|0 (RuTPU)RU\TPU\book\63507
|y 5-7695-1037-4
|t Электротехника
|o учебник
|f А. С. Касаткин, М. В. Немцов
|e 8-е изд., испр.
|c М.
|n Академия
|d 2003
|p 540 с.
|s Высшее образование
|a Касаткин, Александр Сергеевич
|
| 606 |
1 |
|
|a Электротехника общая
|2 stltpush
|3 (RuTPU)RU\TPU\subj\20906
|9 45967
|
| 610 |
1 |
|
|a линейные электрические цепи
|
| 610 |
1 |
|
|a трехфазные цепи
|
| 610 |
1 |
|
|a переходные процессы
|
| 610 |
1 |
|
|a нелинейные электрические цепи
|
| 610 |
1 |
|
|a магнитные цепи
|
| 610 |
1 |
|
|a катушки
|
| 610 |
1 |
|
|a трансформаторы
|
| 610 |
1 |
|
|a полупроводниковые приборы
|
| 610 |
1 |
|
|a полупроводниковые устройства
|
| 610 |
1 |
|
|a электровакуумные приборы
|
| 610 |
1 |
|
|a электровакуумные устройства
|
| 610 |
1 |
|
|a электрические измерения
|
| 610 |
1 |
|
|a машины постоянного тока
|
| 610 |
1 |
|
|a асинхронные машины
|
| 610 |
1 |
|
|a синхронные машины
|
| 610 |
1 |
|
|a управление
|
| 610 |
1 |
|
|a защита
|
| 610 |
1 |
|
|a аппаратура
|
| 610 |
1 |
|
|a электроприводы
|
| 610 |
1 |
|
|a электробезопасность
|
| 610 |
1 |
|
|a учебники
|
| 675 |
|
|
|a 621.3(075.8)
|v 3
|
| 700 |
|
1 |
|a Касаткин
|b А. С.
|g Александр Сергеевич
|
| 701 |
|
1 |
|a Немцов
|b М. В.
|g Михаил Васильевич
|
| 801 |
|
1 |
|a RU
|b 63413507
|c 20040130
|g PSBO
|
| 801 |
|
2 |
|a RU
|b 63413507
|c 20220517
|g PSBO
|
| 900 |
|
|
|a Электротехника
|
| 900 |
|
|
|a Электротехника и основы электроники
|
| 942 |
|
|
|c BK
|
| 952 |
|
|
|a 550000
|
| 959 |
|
|
|a 11/20070130
|d 1
|e 270,00
|f УФ:1
|